ՀՀ Գիտությունների ազգային ակադեմիայի հիմնարար գիտական գրադարան  =   Fundamental Scientific Library of NAS RA

Թատրոն : (Record no. 76848)

MARC details
000 -LEADER
fixed length control field 00832nam a2200229 a 4500
001 - CONTROL NUMBER
control field 000219255
003 - CONTROL NUMBER IDENTIFIER
control field AM-YeHGA
005 - DATE AND TIME OF LATEST TRANSACTION
control field 20250618071517.0
008 - FIXED-LENGTH DATA ELEMENTS--GENERAL INFORMATION
fixed length control field 030418s1985 ai |||||| 000 | arm d
040 ## - CATALOGING SOURCE
Original cataloging agency AM-YeHGA
041 1# - LANGUAGE CODE
Language code of text/sound track or separate title arm
Language code of original eng
090 ## - LOCALLY ASSIGNED LC-TYPE CALL NUMBER (OCLC); LOCAL CALL NUMBER (RLIN)
-- 78088
100 1# - MAIN ENTRY--PERSONAL NAME
Personal name Մոեմ, Սոմերսեթ,
Dates associated with a name 1874-1965
9 (RLIN) 8655
245 10 - TITLE STATEMENT
Title Թատրոն :
Remainder of title Վեպ /
Statement of responsibility, etc. Ս. Մոեմ; Թարգմ.՝ Ջ. Հովհաննիսյան; Խմբ.՝ Ա.Ս. Հովսեփյան.
260 ## - PUBLICATION, DISTRIBUTION, ETC.
Place of publication, distribution, etc. Երևան :
Name of publisher, distributor, etc. Սովետական գրող,
Date of publication, distribution, etc. 1985.
300 ## - PHYSICAL DESCRIPTION
Extent 261 էջ ;
Dimensions 20 սմ.
500 ## - GENERAL NOTE
General note Տողատակում՝ ծանոթագրություններ:
650 14 - SUBJECT ADDED ENTRY--TOPICAL TERM
Topical term or geographic name entry element Անգլիական արձակ
700 1# - ADDED ENTRY--PERSONAL NAME
Personal name Հովհաննիսյան, Ջուլիետ
Relator term թարգմ.
Relationship trl
700 1# - ADDED ENTRY--PERSONAL NAME
Personal name Հովսեփյան, Ա.Ս.
Relator term խմբ.
Relationship edt
942 ## - ADDED ENTRY ELEMENTS (KOHA)
Source of classification or shelving scheme Universal Decimal Classification
Koha item type Գրքեր / Books
Holdings
Withdrawn status Lost status Source of classification or shelving scheme Damaged status Not for loan Collection Home library Current library Date acquired Total checkouts Full call number Barcode Date last seen Price effective from Koha item type Public note Copy number
    Universal Decimal Classification     General Fundamental Scientific Library Fundamental Scientific Library 22/12/2016   AII/71789 220071789 22/12/2016 22/12/2016 Գրքեր / Books 30 Days Loan  
    Universal Decimal Classification     General Fundamental Scientific Library Fundamental Scientific Library 22/12/2016   AII/71862 220071862 22/12/2016 22/12/2016 Գրքեր / Books 30 Days Loan  
          General Fundamental Scientific Library Fundamental Scientific Library 22/12/2016   AII/72392 FL0216409 22/12/2016 22/12/2016 Գրքեր / Books 30 Days Loan 820


ՀՀ ԳԱԱ հիմնարար գիտական գրադարան
ՀՀ,Երևան 0019
Մարշալ Բաղրամյան 24/6
հեռախոս:(374-10) 52-47-50
Հետադարձ կապ

All site content, except where otherwise noted, is licensed under a
Creative Commons License